UBT Library

The revolutionary theme in contemporary America, (Record no. 43362)

000 -LEADER
fixed length control field 00614cam a22002171 4500
001 - CONTROL NUMBER
control field 4059850
005 - DATE AND TIME OF LATEST TRANSACTION
control field 20180224034516.0
008 - FIXED-LENGTH DATA ELEMENTS--GENERAL INFORMATION
fixed length control field 711108s1965 kyu b 100 0 eng
010 ## - LIBRARY OF CONGRESS CONTROL NUMBER
LC control number 65027013
040 ## - CATALOGING SOURCE
Original cataloging agency DLC
Transcribing agency DLC
Modifying agency DLC
041 ## - LANGUAGE CODE
Language code of text/sound track or separate title eng
043 ## - GEOGRAPHIC AREA CODE
Geographic area code n-cn---
-- n-us---
080 ## - UNIVERSAL DECIMAL CLASSIFICATION NUMBER
Universal Decimal Classification number 917.303
082 00 - DEWEY DECIMAL CLASSIFICATION NUMBER
Classification number 917.303 LER
100 1# - Rafti
Rafti 16
101 ## - Shkurtesa
Shkurtesa HIS
245 14 - TITLE STATEMENT
Title The revolutionary theme in contemporary America,
Statement of responsibility, etc by Max Lerner [and others] Edited by Thomas R. Ford.
504 ## - BIBLIOGRAPHY, ETC. NOTE
Bibliography, etc Includes bibliographical references.
906 ## - LOCAL DATA ELEMENT F, LDF (RLIN)
a 7
b cbc
c orignew
d u
e ocip
f 19
g y-gencatlg
942 ## - ADDED ENTRY ELEMENTS (KOHA)
Source of classification or shelving scheme
Item type Books
Holdings
Withdrawn status Lost status Source of classification or shelving scheme Damaged status Not for loan Collection code Permanent location Current location Shelving location Date acquired Total Checkouts Full call number Barcode Date last seen Price effective from Koha item type
          Koleksioni i përgjithshem UBT - Lipjan UBT - Lipjan Koleksioni i përgjithshem 02/24/2018   917.303 LER 002-2999992 02/24/2018 02/24/2018 Books
UBT Library © 2015-2024. All rights reserved University Education for Business and Technology